Introduction to plant diseases. (Record no. 23619)

MARC details
000 -LEADER
fixed length control field 00390nam a2200157Ia 4500
082 ## - DEWEY DECIMAL CLASSIFICATION NUMBER
Classification number 581.2
Item number WHE
100 ## - MAIN ENTRY--AUTHOR NAME
Personal name WHEELER, B E J
245 #0 - TITLE STATEMENT
Title Introduction to plant diseases.
260 ## - PUBLICATION, DISTRIBUTION, ETC. (IMPRINT)
Place of publication London
Name of publisher ELBS
Year of publication 1969
650 ## - SUBJECT ADDED ENTRY--TOPICAL TERM
Topical Term Disease control
650 ## - SUBJECT ADDED ENTRY--TOPICAL TERM
Topical Term Downy mildew fungi
650 ## - SUBJECT ADDED ENTRY--TOPICAL TERM
Topical Term Leafspot
650 ## - SUBJECT ADDED ENTRY--TOPICAL TERM
Topical Term Plant disease
942 ## - ADDED ENTRY ELEMENTS (KOHA)
Koha item type Books
Holdings
Withdrawn status Lost status Damaged status Not for loan Home library Current library Date acquired Full call number Accession Number Koha item type
        RRII Library RRII Library 16/12/2021 581.2 WHE 04317 Books